| 000 | 00596nam a2200205Ii 4500 | ||
|---|---|---|---|
| 003 | JO-AjNU | ||
| 008 | 230606s9999||||xx |||||||||||||| ||und|| | ||
| 020 | _a978-81-7473-138- | ||
| 040 |
_aJO-AjNU _beng _erda _cJO-AjNU |
||
| 041 | _aeng | ||
| 050 | 1 | 4 | _aTN760 2012 |
| 100 | 3 |
_aLoney.S.L , _eauthor _95873 |
|
| 245 | 0 | 4 | _aThe elements of Statics and Dynamics, part.1 |
| 264 | 3 | 1 | _aIndia: Altbs publishers, 2012 |
| 300 | _aPart.1, 368p | ||
| 336 |
_atext _btxt _2rdacontent |
||
| 337 |
_aunmediated _bn _2rdamedia |
||
| 338 |
_avolume _bnc _2rdacarrier |
||
| 650 | 4 |
_a Statics -Dynamics _95874 |
|
| 999 |
_aE3047 _c3044 _d3044 |
||